It looks like you're offline.
Open Library logo
additional options menu

MARC record from Internet Archive

LEADER: 01659cam 2200493 a 4500
001 ocm34321993
003 OCoLC
005 20210130073921.0
008 960212s1995 enk 001 0 eng
040 $aUKM$beng$cUKM$dYDXCP$dOCLCF$dNLE$dOCLCO$dOCLCQ$dUKMGB
015 $aGB9613981$2bnb
016 7 $a010063404$2Uk
019 $a877674521
020 $a0563399414$q(pbk.)
020 $a9780563399414$q(pbk.)
035 $a(OCoLC)34321993$z(OCoLC)877674521
041 0 $aeng$afre
082 04 $a448.2421$220
100 1 $aFournier, Isabelle.
245 10 $aBBC French grammar /$cauthor Isabelle Fournier ; consultant Duncan Sidwell.
260 $aLondon :$bBBC Books,$c1995.
300 $a192 pages ;$c18 cm
336 $atext$btxt$2rdacontent
337 $aunmediated$bn$2rdamedia
338 $avolume$bnc$2rdacarrier
500 $aEnglish and French text.
546 $aEnglish and French text.
650 0 $aFrench language$xGrammar.
650 0 $aFrench language$vTextbooks for foreign speakers$xEnglish.
650 7 $aFrench language.$2fast$0(OCoLC)fst00934333
650 7 $aFrench language$xGrammar.$2fast$0(OCoLC)fst00934446
653 0 $aFrench language$aGrammar
655 7 $aTextbooks$vfor English speakers.$2fast$0(OCoLC)fst01423865
700 1 $aSidwell, Duncan.
710 2 $aBritish Broadcasting Corporation.
938 $aYBP Library Services$bYANK$n100002974
029 1 $aAU@$b000011732377
029 1 $aNZ1$b4657096
029 1 $aUKWLT$b268138
029 1 $aUNITY$b019259751
029 1 $aAU@$b000054413951
029 1 $aUKMGB$b010063404
994 $aZ0$bP4A
948 $hNO HOLDINGS IN P4A - 55 OTHER HOLDINGS